Cyclisme : Top 20 du Tour de Romandie 2025 - Statistiques

Statistiques générales
  • Ce quiz a été pris 37 fois
    36 depuis la dernière actualisation
  • Le résultat moyen est 9 sur 20
Statistiques - réponses
Position Equipe Coureur % Correct
1er UAE Team Emirates XRG João Almeida
100%
6eme Ineos Grenadiers Carlos Rodriguez
85%
11eme Arkea B&B Hotels Cristian Rodriguez
85%
2eme Bahrain Victorious Lenny Martinez
85%
4eme XDS Astana Team Lorenzo Fortunato
65%
5eme Soudal Quick Step Remco Evenepoel
62%
3eme UAE Team Emirates XRG Jay Vine
54%
10eme Movistar Team Javier Romeo
46%
9eme Tudor Pro Cycling Team Mathys Rondel
42%
16eme Team Picnic PostNL Oscar Onley
42%
8eme Soudal Quick Step William Junior Lecerf
42%
14eme XDS Astana Team Harold Tejada
38%
15eme Lotto Cycling Team Lennert Van Eetvelt
35%
7eme Lidl Trek Juan Pedro Lopez
31%
17eme XDS Astana Team Sergio Higuita
23%
19eme Décathlon AG2R la Mondiale Callum Scotson
19%
18eme Bahrain Victorious Jack Haig
15%
12eme Décathlon AG2R la Mondiale Johannes Staune-Mittet
15%
13eme Visma Lease a Bike Jørgen Nordhagen
8%
20eme Jayco AlUla Asbjørn Hellemose
4%
Aucun quiz correspondant
Distribution des résultats
% des personnes avec chaque résultat
Percentile par nombre de réponses
Votre historique - résultats
Vous n’avez pas pris ce quiz depuis la dernière actualisation